Affrontez l'Alphabet #1 - Statistiques

Statistiques générales
  • Ce quiz a été pris 165 fois
  • Le résultat moyen est 7 sur 11
Statistiques - réponses
Hint Réponse % Correct
Donne les 2 lettres manquantes qui complètent les paroles de la chanson "J'ai encore rêvé d'elle" J'ai encore rêvé d'elle (Je rêve aussi) Je n'ai rien fait pour ça (J'ai mal dormi) Elle n'est pas vraiment belle (J'ai un peu ?roi?) FD / DF
100%
Donne les 2 lettres qui composent le nom du jeu constitué de deux hémisphères aplatis, réunis par un axe autour duquel s’enroule une ficelle dont l’une des extrémités s’attache au doigt ou est retenue par la main : _ _ - _ _
YO / OY
98%
Donne les 2 lettres manquantes du titre de cette émission TV en extrait : _ L A _
SM / MS
87%
Donne les 2 lettres manquantes dans le titre de ce film de 1975 : Vol au-dessus d'un nid de _o_ _o_
CU / UC
75%
Donne les 2 lettres qui composaient le nom de la chaîne de la TNT sur le canal 11 entre 2005 et 2018 : _ _ 1 NT / TN
59%
Donne les 2 lettres qui complètent une traduction de prix/récompense en anglais : _ _ ARD AW / WA
53%
Donne les 2 lettres manquantes du nom des habitants qui vivent à Samarcande, Boukhara et Karchi : OU_ _ EK ZB / BZ
52%
Donne les 2 lettres manquantes du nom de cette série TV française de 144 épisodes (2007-2011) : FOUD_ _
RE / ER
47%
Donne les 2 lettres manquantes dans le nom du pape dont les dates du pontificat vont du 3 septembre 1914 au 22 janvier 1922 : Benoît _ _
XV / VX
32%
Donne les 2 lettres du nom du domaine internet de la Guadeloupe (en 2025) : . _ _ GP / PG
25%
Dernière Question : Donne la lettre qui forme les initiales (1ere lettre du prénom et nom) de cette chanteuse américaine (1943-1970) :
J (Janis Joplin)
22%
Aucun quiz correspondant
Distribution des résultats
% des personnes avec chaque résultat
Percentile par nombre de réponses
Votre historique - résultats
Vous n’avez pas pris ce quiz